[Event "XXVe Open de Metz"]
[Site "Metz"]
[Date "2007.04.14"]
[Round "1.1"]
[White "Spraggett, Kevin"]
[Black "Pytel, Bozena"]
[Result "1-0"]
[WhiteElo "2631"]
[BlackElo "1984"]
[PlyCount "53"]
[EventDate "2007.04.14"]

1. e4 e6 2. d4 d5 3. Nc3 dxe4 4. Nxe4 Nd7 5. Nf3 Ngf6 6. Nxf6+ Nxf6 7. Be3 Be7
8. Bd3 O-O 9. Qe2 b6 10. O-O-O Bb7 11. c4 c6 12. Bf4 Re8 13. Ne5 Qc8 14. g4 g6
15. Rhe1 c5 16. dxc5 Bxc5 17. Kb1 Kg7 18. Bc2 Rd8 19. Rxd8 Qxd8 20. Bh6+ Kg8
21. Nxf7 Qd4 22. Be3 Qd7 23. Nh6+ Kg7 24. g5 Bxe3 25. gxf6+ Kxh6 26. Qxe3+ g5
27. Qh3# 1-0

[Event "XXVe Open de Metz"]
[Site "Metz"]
[Date "2007.04.14"]
[Round "1.2"]
[White "Steininger, Denis"]
[Black "Fedorchuk, Sergey A"]
[Result "0-1"]
[WhiteElo "1983"]
[BlackElo "2603"]
[PlyCount "52"]
[EventDate "2007.04.14"]

1. Nf3 Nf6 2. g3 b5 3. Bg2 Bb7 4. a4 b4 5. Nh4 Bxg2 6. Nxg2 c5 7. b3 d5 8. Bb2
e6 9. d3 Nc6 10. Nd2 Bd6 11. e4 O-O 12. f4 e5 13. f5 c4 14. bxc4 dxe4 15. Nxe4
Nxe4 16. dxe4 Bc5 17. Qd3 Qb6 18. O-O-O Rfd8 19. Qb3 Na5 20. Qa2 b3 21. cxb3
Nxb3+ 22. Kc2 Nd4+ 23. Bxd4 Bxd4 24. Rhe1 Rab8 25. Rb1 Qa5 26. Qa3 Bc5 0-1

[Event "XXVe Open de Metz"]
[Site "Metz"]
[Date "2007.04.14"]
[Round "1.3"]
[White "Malakhatko, Vadim"]
[Black "Hartmann, Dominique"]
[Result "1-0"]
[WhiteElo "2598"]
[BlackElo "1977"]
[PlyCount "49"]
[EventDate "2007.04.14"]

1. d4 Nf6 2. c4 c5 3. d5 b5 4. cxb5 a6 5. bxa6 g6 6. Nc3 Bxa6 7. g3 d6 8. Bg2
Bg7 9. Nf3 Nbd7 10. Rb1 Nb6 11. b3 Bc8 12. Nh4 h6 13. Qc2 Qd7 14. Bb2 g5 15.
Nf3 Qf5 16. e4 Qg6 17. O-O h5 18. Qd2 Bh6 19. e5 g4 20. Qe1 gxf3 21. exf6 e5
22. Bxf3 Qxf6 23. Bg2 h4 24. Ne4 Qg6 25. Nxd6+ 1-0

[Event "XXVe Open de Metz"]
[Site "Metz"]
[Date "2007.04.14"]
[Round "1.4"]
[White "Mitrovic, Slobodan"]
[Black "Burmakin, Vladimir"]
[Result "0-1"]
[WhiteElo "1966"]
[BlackElo "2593"]
[PlyCount "82"]
[EventDate "2007.04.14"]

1. e4 c6 2. d4 d5 3. Nc3 dxe4 4. Nxe4 Bf5 5. Ng3 Bg6 6. Be3 Nf6 7. Nf3 Nbd7 8.
Bd3 e6 9. c3 Bd6 10. Bxg6 hxg6 11. Ne2 Qc7 12. h3 Nb6 13. Qc2 Nbd5 14. O-O-O
O-O-O 15. Kb1 Nxe3 16. fxe3 e5 17. Rhf1 Nd5 18. Qd2 exd4 19. exd4 Rhe8 20. Rde1
Ne3 21. Rg1 Qa5 22. Nc1 Qf5+ 23. Qd3 Bg3 24. Re2 f6 25. Ka1 Nd5 26. Rc2 Nf4 27.
Qd1 Nd5 28. Qd3 Re3 29. Qxf5+ gxf5 30. Ne2 Bc7 31. Rb1 Rde8 32. Nfg1 g5 33. a3
R3e7 34. Rd2 Ne3 35. g3 Nc4 36. Rc2 Re3 37. Rf1 Rd3 38. Ka2 Ne3 39. Rf3 Rd1 40.
Rc1 Rd3 41. Rc2 g4 0-1

[Event "XXVe Open de Metz"]
[Site "Metz"]
[Date "2007.04.14"]
[Round "1.5"]
[White "Guliyev, Namig"]
[Black "Kiefer, Eric"]
[Result "1-0"]
[WhiteElo "2590"]
[BlackElo "1950"]
[PlyCount "81"]
[EventDate "2007.04.14"]

1. e4 e6 2. d4 d5 3. Nc3 dxe4 4. Nxe4 Nf6 5. Nxf6+ Qxf6 6. Nf3 h6 7. Bd3 Bd6 8.
Qe2 Nc6 9. Be3 Bd7 10. O-O-O O-O-O 11. c4 Bf4 12. Kb1 Bxe3 13. Qxe3 Kb8 14.
Rhe1 Bc8 15. Be4 Ne7 16. Ne5 Rd6 17. f4 Nf5 18. Qf2 Rhd8 19. Ng4 Qh4 20. Bxf5
Qxf2 21. Nxf2 exf5 22. d5 c6 23. dxc6 Rxd1+ 24. Rxd1 Rxd1+ 25. Nxd1 bxc6 26.
Kc2 Kc7 27. c5 f6 28. Ne3 Be6 29. b3 h5 30. g3 g5 31. Kc3 Bc8 32. Nc4 Be6 33.
Nd6 Kd7 34. Kb4 gxf4 35. gxf4 Kc7 36. Ne8+ Kb7 37. h4 Bd5 38. Nxf6 Bf3 39. Ne8
Bg4 40. Kc3 Kc8 41. Kd4 1-0

[Event "XXVe Open de Metz"]
[Site "Metz"]
[Date "2007.04.14"]
[Round "1.6"]
[White "Chizelle, Bernard"]
[Black "Eingorn, Vereslav S"]
[Result "0-1"]
[WhiteElo "1937"]
[BlackElo "2588"]
[PlyCount "62"]

1. e4 c5 2. Nf3 a6 3. b4 cxb4 4. Bc4 e6 5. Qe2 Nf6 6. Bb2 Nxe4 7. Qxe4 d5 8.
Bxd5 Qxd5 9. Qxd5 exd5 10. a3 Nc6 11. axb4 Nxb4 12. Kd1 Bg4 13. Re1+ Kd7 14.
Re3 Bd6 15. h3 Bxf3+ 16. Rxf3 f6 17. Ba3 Nc6 18. Nc3 Be5 19. Rb1 Bxc3 20. Rxc3
Kc7 21. Rg3 Rhg8 22. h4 Rae8 23. Bc5 b5 24. Ra1 Kb7 25. Bd6 g6 26. Rf3 Re6 27.
Bb4 d4 28. Kc1 Rc8 29. c3 Nxb4 30. Kb2 Nd5 31. cxd4 Rc4 0-1

[Event "XXVe Open de Metz"]
[Site "Metz"]
[Date "2007.04.14"]
[Round "1.7"]
[White "Sulava, Nenad"]
[Black "Ballandras, Marc"]
[Result "1-0"]
[WhiteElo "2549"]
[BlackElo "1934"]
[PlyCount "81"]

1. Nf3 Nf6 2. g3 g6 3. b3 Bg7 4. Bb2 d6 5. d4 Nbd7 6. Bg2 c6 7. Nbd2 O-O 8. O-O
Qc7 9. a4 Rb8 10. e4 e5 11. dxe5 dxe5 12. Re1 Rd8 13. Nc4 Ne8 14. Qb1 f6 15. b4
Nb6 16. Nxb6 axb6 17. c4 c5 18. b5 Be6 19. Qc2 Qf7 20. Bf1 Rd6 21. Bc1 Rbd8 22.
Be3 Qc7 23. Nd2 Bf7 24. Nb3 Bf8 25. a5 R6d7 26. Bh3 Rd3 27. a6 bxa6 28. bxa6
Qa7 29. Nc1 R3d7 30. Bxd7 Rxd7 31. Qa4 Rd6 32. Ne2 Ng7 33. Nc3 Be8 34. Nb5 Bxb5
35. cxb5 Ne6 36. Qc4 Kg7 37. Rad1 Nd4 38. Bxd4 exd4 39. e5 fxe5 40. Rxe5 Rd7
41. Re8 1-0

[Event "XXVe Open de Metz"]
[Site "Metz"]
[Date "2007.04.14"]
[Round "1.8"]
[White "Schweitzer, Marc"]
[Black "Savchenko, Stanislav"]
[Result "0-1"]
[WhiteElo "1925"]
[BlackElo "2545"]
[PlyCount "96"]

1. d4 d5 2. Nf3 c6 3. e3 Bg4 4. Be2 Nd7 5. Nbd2 Ngf6 6. O-O e6 7. h3 Bh5 8. c4
Bd6 9. cxd5 exd5 10. a3 a5 11. b3 O-O 12. Bb2 Re8 13. Re1 Qe7 14. Nh4 Bxe2 15.
Qxe2 Qe6 16. Qd3 Ne4 17. Nhf3 f5 18. Nf1 Qh6 19. N3d2 Qh4 20. Nxe4 fxe4 21. Qe2
Re6 22. Qg4 Qe7 23. Ng3 Rg6 24. Qe2 Qh4 25. Bc3 Rf8 26. Rf1 Nf6 27. Bxa5 Rxg3
28. fxg3 Qxg3 29. Rf4 Bxf4 30. exf4 Qxf4 31. Rf1 Qg3 32. Bb4 Re8 33. Qd1 Qe3+
34. Kh2 Re6 35. Be1 Qd3 36. Bg3 Qxd1 37. Rxd1 e3 38. Rd3 Re4 39. Be1 Ne8 40. g3
Nd6 41. a4 Nf5 42. Bc3 e2 43. Be1 Rxd4 44. Rxd4 Nxd4 45. Kg2 Nc2 46. Kf2 c5 47.
Kxe2 Nxe1 48. Kxe1 Kf7 0-1

[Event "XXVe Open de Metz"]
[Site "Metz"]
[Date "2007.04.14"]
[Round "1.9"]
[White "Kasparov, Sergey"]
[Black "Caquard, Frederic"]
[Result "1-0"]
[WhiteElo "2536"]
[BlackElo "1922"]
[PlyCount "67"]

1. e4 d6 2. d4 Nf6 3. Nc3 g6 4. g3 Bg7 5. Bg2 c6 6. Nge2 O-O 7. O-O e5 8. a4
Bg4 9. h3 Bxe2 10. Nxe2 Nbd7 11. Be3 Kh8 12. Nc3 Ne8 13. a5 Nc7 14. f4 a6 15.
Qd2 Nb5 16. Ne2 exd4 17. Nxd4 Nxd4 18. Bxd4 Bxd4+ 19. Qxd4+ Qf6 20. e5 Qe6 21.
Rad1 d5 22. c4 Rad8 23. cxd5 cxd5 24. Qxd5 Qf5 25. b4 Nb6 26. Qxd8 Rxd8 27.
Rxd8+ Kg7 28. axb6 Qc2 29. Bxb7 Qb3 30. Kh2 Qxb4 31. Rd6 Qb5 32. Bg2 a5 33. b7
a4 34. Rd8 1-0

[Event "XXVe Open de Metz"]
[Site "Metz"]
[Date "2007.04.14"]
[Round "1.10"]
[White "Alexander, Christian"]
[Black "Sikula, Vaszilij"]
[Result "0-1"]
[WhiteElo "1921"]
[BlackElo "2536"]
[PlyCount "82"]

1. e4 c5 2. Nf3 e6 3. d4 cxd4 4. Nxd4 a6 5. Be3 Nf6 6. Nd2 Qc7 7. Bd3 d6 8. h3
Be7 9. c3 Nbd7 10. f4 b5 11. O-O Bb7 12. Qf3 O-O 13. Rae1 Nc5 14. Bc2 d5 15. e5
Nfe4 16. Re2 Rac8 17. Rc1 Qb8 18. Nf1 Ba8 19. Qg4 Kh8 20. h4 Rg8 21. Qh3 a5 22.
Nh2 b4 23. cxb4 Qxb4 24. Nhf3 Rge8 25. f5 exf5 26. Nxf5 Bf8 27. Bb1 Ne6 28.
Rxc8 Rxc8 29. Ng5 N4xg5 30. hxg5 Nf4 31. Bxf4 Qxf4 32. Re1 Rc1 33. Rxc1 Qxc1+
34. Kh2 Qxb1 35. Nd6 Qc1 36. Nxf7+ Kg8 37. Qf5 Qc7 38. Nd6 Qe7 39. Nc8 Qf7 40.
Qg4 Bc6 41. e6 Qc7+ 0-1

[Event "XXVe Open de Metz"]
[Site "Metz"]
[Date "2007.04.14"]
[Round "1.13"]
[White "Kosten, Anthony C"]
[Black "Marchal, Chantal"]
[Result "1-0"]
[WhiteElo "2517"]
[BlackElo "1897"]
[PlyCount "53"]

1. e4 c5 2. b3 Nc6 3. Bb2 Nf6 4. Nc3 d5 5. exd5 Nxd5 6. Nf3 Bg4 7. h3 Bh5 8.
Bb5 Qd6 9. O-O e6 10. Nxd5 Qxd5 11. g4 Bg6 12. Ne5 O-O-O 13. Bxc6 bxc6 14. Qe2
Kb7 15. c4 Qd6 16. b4 f6 17. bxc5 Qxd2 18. Qf3 fxe5 19. Qb3+ Ka8 20. Rad1 Qa5
21. Qa3 Qc7 22. Bxe5 Qc8 23. Rxd8 Qxd8 24. Kh2 h5 25. Qa6 Qe8 26. Rd1 Be7 27.
Rd8+ 1-0

[Event "XXVe Open de Metz"]
[Site "Metz"]
[Date "2007.04.14"]
[Round "1.14"]
[White "Thiebaux, Jean-Claude"]
[Black "Abergel, Thal"]
[Result "0-1"]
[WhiteElo "1893"]
[BlackElo "2498"]
[PlyCount "68"]

1. e4 c5 2. Nf3 Nc6 3. d4 cxd4 4. Nxd4 Nf6 5. Nc3 d6 6. Nxc6 bxc6 7. Bd3 e5 8.
O-O Be7 9. Re1 O-O 10. h3 Be6 11. Bd2 Qc7 12. b3 d5 13. Qf3 Rad8 14. Rad1 Ne8
15. Qg3 Bf6 16. Bg5 Bxg5 17. Qxg5 f6 18. Qh4 d4 19. Ne2 c5 20. Bc4 Bxc4 21.
bxc4 Nd6 22. Ng3 Nxc4 23. Nf5 Nd6 24. Nxd6 Rxd6 25. Rb1 c4 26. Rb5 d3 27. cxd3
cxd3 28. Qg4 Qc6 29. Rb3 Rfd8 30. Rd1 Rd4 31. Qf3 Qc4 32. Qg3 Qc2 33. Qf3 Qxa2
34. Rbxd3 Rxd3 0-1

[Event "XXVe Open de Metz"]
[Site "Metz"]
[Date "2007.04.14"]
[Round "1.16"]
[White "Gilbert, Colin"]
[Black "Gladyszev, Oleg"]
[Result "0-1"]
[WhiteElo "1875"]
[BlackElo "2485"]
[PlyCount "78"]

1. d4 Nf6 2. c4 g6 3. Nc3 Bg7 4. e4 d6 5. h3 O-O 6. Nf3 e5 7. d5 a5 8. Bg5 Na6
9. Bd3 c6 10. O-O cxd5 11. Nxd5 Be6 12. Rc1 Nc5 13. Bb1 Bxd5 14. Bxf6 Bxf6 15.
Qxd5 Qb6 16. Rcd1 Rfd8 17. Qd2 a4 18. Rfe1 Rac8 19. Re3 Rc6 20. Qc3 Rdc8 21. b3
Bg7 22. Ne1 Bh6 23. Rf3 Qc7 24. Nc2 Nxe4 25. Qe1 Ng5 26. Rfd3 axb3 27. axb3 Ne6
28. Nb4 Nf4 29. Nxc6 Nxd3 30. Bxd3 bxc6 31. b4 d5 32. cxd5 cxd5 33. b5 e4 34.
Bf1 Qc5 35. Rb1 Qb6 36. Ra1 Qb7 37. Qd1 Bg7 38. Rc1 Rd8 39. Rc6 d4 0-1

[Event "XXVe Open de Metz"]
[Site "Metz"]
[Date "2007.04.14"]
[Round "1.17"]
[White "Krivoshey, Sergei"]
[Black "Wonner, Frank"]
[Result "1-0"]
[WhiteElo "2475"]
[BlackElo "1873"]
[PlyCount "55"]

1. Nf3 f5 2. g3 Nf6 3. Bg2 g6 4. d4 Bg7 5. O-O O-O 6. c4 d6 7. Nc3 Qe8 8. Nd5
Nxd5 9. cxd5 Qb5 10. Ng5 h6 11. Ne6 Bxe6 12. dxe6 c6 13. e4 Na6 14. d5 cxd5 15.
exd5 Nc5 16. Be3 Rac8 17. Rb1 a6 18. Qd2 Kh7 19. Rfc1 a5 20. Bf1 Qb6 21. Rc4
Qd8 22. f3 b5 23. Rh4 h5 24. Bxb5 Qb6 25. Be2 Bf6 26. Rc4 Rg8 27. Kh1 g5 28.
Qc2 1-0

[Event "XXVe Open de Metz"]
[Site "Metz"]
[Date "2007.04.14"]
[Round "1.19"]
[White "Haub, Thorsten-Michael"]
[Black "Bazille, Reynald"]
[Result "1-0"]
[WhiteElo "2468"]
[BlackElo "1850"]
[PlyCount "45"]

1. Nf3 d5 2. g3 Nf6 3. d3 e6 4. Bg2 Bd6 5. Nbd2 Nbd7 6. O-O O-O 7. e4 dxe4 8.
dxe4 Re8 9. Qe2 e5 10. Nc4 Nc5 11. Nh4 Be6 12. Rd1 Qe7 13. Bg5 Rad8 14. Ne3 h6
15. Nhf5 Bxf5 16. Nxf5 Qe6 17. Bh4 Be7 18. Bh3 Rxd1+ 19. Rxd1 Qc6 20. Nxe7+
Rxe7 21. Rd8+ Re8 22. Bxf6 gxf6 23. Bd7 1-0

[Event "XXVe Open de Metz"]
[Site "Metz"]
[Date "2007.04.14"]
[Round "1.20"]
[White "Touret, Alex"]
[Black "Petkov, Vladimir"]
[Result "0-1"]
[WhiteElo "1849"]
[BlackElo "2456"]
[PlyCount "24"]

1. e4 e5 2. Nf3 Nc6 3. Bc4 Nf6 4. Ng5 d5 5. exd5 b5 6. Bb3 Nd4 7. d3 Bc5 8. O-O
Bg4 9. Qe1 O-O 10. Ne4 Nxe4 11. dxe4 Qh4 12. Kh1 Nf3 0-1

[Event "XXVe Open de Metz"]
[Site "Metz"]
[Date "2007.04.14"]
[Round "1.46"]
[White "Bormann, Marco"]
[Black "Oboron, Georges"]
[Result "0-1"]
[WhiteElo "1499"]
[BlackElo "2017"]
[Annotator "Bormann,Marco"]
[PlyCount "130"]

1. Nf3 d5 2. g3 Nc6 3. Bg2 e5 4. d3 Nf6 5. O-O Be7 6. e4
Bg4 7. Nbd2 dxe4 8. dxe4 O-O 9. c3 Qc8 10. Qc2 Re8 11. Nc4 Nd7 12. a4 a5 13.
Be3 Be6 14. Nfd2 Rf8 15. Kh1 Nf6 16. f4 Ng4 17. f5 Nxe3 18. Nxe3 Bd7 19. Ndc4
f6 20. Rad1 Be8 21. Rd2 Bc5 22. Rfd1 Bf7 23. Rd7 Be8 24. R7d2 b6 25. Bf1 Ne7
26. Nd5 Nxd5 27. Rxd5 Bc6 28. R5d2 Qxf5 29. Bg2 Qe6 30. b3 Rae8 31. Qd3 g6 32.
Rf1 Re7 33. Qe2 Ref7 34. Qd1 Qc8 35. Nb2 Qa8 36. Qe2 Kg7 37. Nd3 Bd6 38. Nb2
Bb7 39. Nc4 Bc5 40. Ne3 Bxe3 41. Qxe3 Qe8 42. Rdf2 Qe6 43. c4 c5 44. Rd1 Bc6
45. Kg1 Rd7 46. Rxd7+ Qxd7 47. Rd2 Qc8 48. Rd6 Rf7 49. Qd3 Rd7 50. Kf2 Qc7 51.
Rxd7+ Qxd7 52. Qxd7+ Bxd7 53. h3 f5 54. Ke3 Kf6 55. h4 h6 56. Bf3 g5 57. hxg5+
Kxg5 58. Be2 f4+ 59. gxf4+ exf4+ 60. Kf2 Kf6 61. Bh5 Ke5 62. Kf3 Bc6 63. Bg6 h5
64. Bxh5 Bxe4+ 65. Kf2 Bc2 0-1